000 00550nam a22001817a 4500
999 _c2492
_d2492
003 AR-CdUCM
008 190227b ||||| |||| 00| 0 spa d
040 _aMUNICIPALIDAD PROVINCIAL DEL CUSCO
_cBIBLIOTECA MUNICIPAL DEL CUSCO
082 _a869.56 /
_bC28
100 _aCastilla, Armando
_98883
245 _aPoemas de amor y de ternura /
_cArmando Castilla
260 _aHuancayo :
_bLa Universidad,
_c1959.
300 _a59 páginas ;
_c16 cm.
650 _aPoesía
_9139
650 _aLiteratura peruana
_9169
942 _2ddc
_cLIBROS
945 _arac